| 000 | 01622nam a22002177a 4500 | ||
|---|---|---|---|
| 999 |
_c62118 _d62118 |
||
| 003 | Ge_BSU | ||
| 005 | 20240716165541.0 | ||
| 008 | 240716s2022 ge ||||| |||| 00| 0 geo d | ||
| 020 | _a9789941848919 | ||
| 041 | _ageo | ||
| 080 | _a821.112.2-94 მ-30 | ||
| 100 |
_aმარგველაშვილი, გივი, 1927-2020 _e ავტორი. _922839 |
||
| 245 |
_a"პერეკატასტროიკა" - დროის მოწმის ჩანაწერები, 1988-1993 / _cგივი მარგველაშვილი ; გერმანულიდან თარგმ. ასმათ ფარჯიანმა ; რედაქტორი ნაირა გელაშვილი ; დიზაინი და დაკაბადონება მაგდა ცოცხალაშვილი. |
||
| 264 |
_aთბილისი : _bალონი, _c2022. |
||
| 300 |
_a326 გვ. : _bფოტ. ; _c23 სმ. |
||
| 500 | _aყდაზე ფოტო: უცნობი ავტორი. ლენინის ძეგლის დემონტაჟი ამჟამინდელ თავისუფლების მოედანზე. | ||
| 653 | _aგერმანული ლიტერატურა -- დღიურები -- თარგმანები ქართულ ენაზე | ||
| 700 |
_a ფარჯიანი, ასმათ _eმთარგმნელი _922840 |
||
| 700 |
_aგელაშვილი, ნაირა _eრედაქტორი _9817 |
||
| 942 |
_2udc _cᲬᲘᲒᲜᲘ |
||